Govt. of
Madhya Pradesh

Richards Topical Encyclopedia (Record no. 40586)

MARC details
000 -LEADER
fixed length control field 003210000a22001330004500
003 - CONTROL NUMBER IDENTIFIER
control field MACL
040 ## - CATALOGING SOURCE
Original cataloging agency MACL
090 ## - LOCALLY ASSIGNED LC-TYPE CALL NUMBER (OCLC); LOCAL CALL NUMBER (RLIN)
-- 41026
-- 41024
100 ## - MAIN ENTRY--PERSONAL NAME
Personal name Wright, Ernest Hunter
245 ## - TITLE STATEMENT
Title Richards Topical Encyclopedia
Remainder of title Vol 13
260 ## - PUBLICATION, DISTRIBUTION, ETC. (IMPRINT)
Name of publisher, distributor, etc. The Richards Company Ltd
Date of publication, distribution, etc. 1956
650 ## - SUBJECT ADDED ENTRY--TOPICAL TERM
Topical term or geographic name as entry element Encyclopaedia
942 ## - ADDED ENTRY ELEMENTS (KOHA)
Koha item type
Call number prefix 030/WRI
Holdings
Withdrawn status Lost status Source of classification or shelving scheme Damaged status Not for loan Home library Current library Date acquired Total Checkouts Full call number Barcode Date last seen Uniform Resource Identifier Price effective from Koha item type
          MACL MACL 15/04/2015   030/WRI CRB007555 29/04/2015 40832 15/04/2015 Books